| 000 | 01015cam a2200253 4500 | ||
|---|---|---|---|
| 001 | WS110963 | ||
| 008 | 000000n 000 0 eng u | ||
| 035 | _a(Sirsi) u110963 | ||
| 110 |
_aNational Radiological Protection Board _9241 |
||
| 245 | _aNational Radiological Protection Board | ||
| 520 | _aSite for this organisation set up to advance the acquisition of knowledge about protection from radiation hazards and to provide information and advice to government. Includes a glossary of terms, maps of radon and information on safety of VDUs, radon, ultraviolet radiation and depleted uranium. | ||
| 650 | _aRADIOLOGICAL PROTECTION ACT 1970 | ||
| 650 | _aRADON | ||
| 650 | _aMAPS | ||
| 650 | _aRADIATION | ||
| 650 | _aGOVERNMENT | ||
| 650 | _aVDUS | ||
| 650 | _aPOWER LINES | ||
| 650 | _aMOBILE PHONE MASTS | ||
| 650 | _aIONISING RADIATION | ||
| 690 | _aENVIRONMENTAL AND LAND CONSULTANCY | ||
| 856 | 4 | 0 |
_uhttps://www.nrpb.org.uk _zView the website free of charge at www.nrpb.org.uk... |
| 942 | _n0 | ||
| 999 |
_c119788 _d119788 |
||